El cooperativismo en Galicia / (Record no. 139132)

MARC details
000 -LEADER
campo de control de longitud fija 00650nam a2200193 4500
001 - NÚMERO DE CONTROL
campo de control 139132
003 - IDENTIFICADOR DE NÚMERO DE CONTROL
campo de control ES-MaACL
005 - FECHA Y HORA DE LA ÚLTIMA TRANSACCIÓN
campo de control 20230906195717.0
007 - CAMPO FIJO DE DESCRIPCIÓN FÍSICA--INFORMACIÓN GENERAL
campo de control de longitud fija t|
008 - DATOS DE LONGITUD FIJA--INFORMACIÓN GENERAL
campo de control de longitud fija 070214s1971 sp r ||||1| spa d
100 1# - ENTRADA PRINCIPAL--NOMBRE DE PERSONA
Nombre de persona Sardina Páramo, Juan Antonio.
9 (RLIN) 103795
245 13 - MENCIÓN DEL TÍTULO
Título El cooperativismo en Galicia /
Mención de responsabilidad, etc. Juan Antonio Sardina Páramo.
260 ## - PUBLICACIÓN, DISTRIBUCIÓN, ETC.
Lugar de publicación, distribución, etc. Santiago de Compostela :
Nombre del editor, distribuidor, etc. Porto y Cia.,
Fecha de publicación, distribución, etc. 1971.
300 ## - DESCRIPCIÓN FÍSICA
Extensión 213 p. ;
Dimensiones 19 cm.
490 1# - MENCIÓN DE SERIE
Mención de serie Biblioteca Hispánica de Filosofía del Derecho ;
Designación de volumen o secuencia 7
830 0# - PUNTO DE ACCESO ADICIONAL DE SERIE-TÍTULO UNIFORME
Título uniforme Biblioteca Hispánica de Filosofía del Derecho ;
Designación de volumen o secuencia 7
9 (RLIN) 183210
852 ## - LOCALIZACIÓN
Ubicación ES-MaACL
Número de control de estantería C-45868
Sublocalización o colección R.78573
Holdings
Estatus retirado Estado de pérdida Estado de daño No para préstamo Biblioteca de origen Biblioteca actual Ubicación en estantería Fecha de adquisición Fuente de adquisición Total de préstamos Signatura topográfica completa Código de barras Visto por última vez Precio de reemplazo Tipo de ítem Koha
        Biblioteca del Ateneo de Madrid Biblioteca del Ateneo de Madrid Depósito 2 17/01/2008     C-45868 1144785 23/02/2023 23/02/2023 Libro impreso